MARC details
| 000 -CABECERA |
| campo de control de longitud fija |
01179cam a2200325 a 4500 |
| 001 - NÚMERO DE CONTROL |
| campo de control |
000018757 |
| 005 - FECHA Y HORA DE LA ÚLTIMA TRANSACCIÓN |
| campo de control |
20200929165843.0 |
| 008 - DATOS DE LONGITUD FIJA--INFORMACIÓN GENERAL |
| campo de control de longitud fija |
860304s1990 pr b 000 j spa d |
| 035 ## - NÚMERO DE CONTROL DEL SISTEMA |
| Número de control de sistema |
(DLC) 85198902 |
| 040 ## - FUENTE DE LA CATALOGACIÓN |
| Centro catalogador/agencia de origen |
DO-SdBNP |
| Lengua de catalogación |
spa |
| Centro/agencia transcriptor |
DLC |
| Centro/agencia modificador |
DLC |
| -- |
BNPHU |
| 082 ## - NÚMERO DE LA CLASIFICACIÓN DECIMAL DEWEY |
| Número de clasificación |
PR863.44 |
| Número de documento/Ítem |
C965p, 1990 |
| 049 ## - FONDOS LOCALES (OCLC) |
| Fondos de biblioteca |
BNGR |
| 245 00 - MENCIÓN DE TÍTULO |
| Título |
Cuentos puertorriqueños de hoy / |
| Mención de responsabilidad, etc. |
Abelardo Díaz Alfaro ... [et al.] ; prólogo, selección y notas de René Marqués ; editor Francisco M. Vázquez. |
| 250 ## - MENCIÓN DE EDICIÓN |
| Mención de edición |
10a ed. |
| 260 ## - PUBLICACIÓN, DISTRIBUCIÓN, ETC. |
| Lugar de publicación, distribución, etc. |
Rio Piedras : |
| Nombre del editor, distribuidor, etc. |
Cultural, |
| Fecha de publicación, distribución, etc. |
1990. |
| 300 ## - DESCRIPCIÓN FÍSICA |
| Extensión |
287 p. ; |
| Dimensiones |
21 cm. |
| 504 ## - NOTA DE BIBLIOGRAFÍA, ETC. |
| Nota de bibliografía, etc. |
Bibliografías: p. 39-45. |
| 650 #4 - PUNTO DE ACCESO ADICIONAL DE MATERIA--TÉRMINO DE MATERIA |
| Término de materia o nombre geográfico como elemento de entrada |
Cuentos puertorriqueños |
| 9 (RLIN) |
249 |
| 650 #4 - PUNTO DE ACCESO ADICIONAL DE MATERIA--TÉRMINO DE MATERIA |
| Término de materia o nombre geográfico como elemento de entrada |
Literatura puertorriqueña |
| Subdivisión cronológica |
SIGLO XX |
| 9 (RLIN) |
5311 |
| 700 1# - PUNTO DE ACCESO ADICIONAL--NOMBRE DE PERSONA |
| Nombre de persona |
Díaz Alfaro, Abelardo Milton, |
| Fechas asociadas al nombre |
1919- |
| 9 (RLIN) |
40475 |
| 700 1# - PUNTO DE ACCESO ADICIONAL--NOMBRE DE PERSONA |
| Nombre de persona |
González, José Luis |
| 9 (RLIN) |
5327 |
| 700 1# - PUNTO DE ACCESO ADICIONAL--NOMBRE DE PERSONA |
| Nombre de persona |
Soto, Pedro Juan. |
| 9 (RLIN) |
40476 |
| 700 1# - PUNTO DE ACCESO ADICIONAL--NOMBRE DE PERSONA |
| Nombre de persona |
Figueroa, Edwin. |
| 9 (RLIN) |
40477 |
| 700 1# - PUNTO DE ACCESO ADICIONAL--NOMBRE DE PERSONA |
| Nombre de persona |
Vivas, José Luis. |
| 9 (RLIN) |
40478 |
| 700 1# - PUNTO DE ACCESO ADICIONAL--NOMBRE DE PERSONA |
| Nombre de persona |
Valcácer Díaz, Emilia . |
| 9 (RLIN) |
40479 |
| 700 1# - PUNTO DE ACCESO ADICIONAL--NOMBRE DE PERSONA |
| Nombre de persona |
Jesús, Salvador de. |
| 9 (RLIN) |
40480 |
| 700 1# - PUNTO DE ACCESO ADICIONAL--NOMBRE DE PERSONA |
| Nombre de persona |
Marqués, René, |
| Término indicativo de función/relación |
pról. |
| 9 (RLIN) |
40481 |
| 700 1# - PUNTO DE ACCESO ADICIONAL--NOMBRE DE PERSONA |
| Nombre de persona |
Vázquez, Francisco M. |
| Término indicativo de función/relación |
ed. |
| 9 (RLIN) |
21762 |
| 910 ## - DATOS DE OPCIÓN DEL USUARIO (OCLC) |
| Datos de opción del usuario |
Catalogación derivada / LC |